|
|
|
|
| LEADER |
00000cam a2200000 i 4500 |
| 001 |
1/33493 |
| 008 |
941103s1990 gr | ||| |||| ||gre|| |
| 035 |
|
|
|a 1991
|c ΔΩΡΕΑ
|l 10039384
|
| 035 |
|
|
|a 1991
|b 2
|c Δωρεά
|
| 040 |
|
|
|a GR-MyUA
|b gre
|e AACR2
|
| 041 |
0 |
|
|a gre
|
| 082 |
0 |
|
|a 938.974
|
| 100 |
1 |
|
|a Μολίνος, Στρατής Αλ.,
|d 1940-
|
| 245 |
1 |
0 |
|a Λιμάνια της Λέσβου /
|c Στρατής Αλ. Μολίνος.
|
| 260 |
|
|
|a Αθήνα :
|b [χ.ο],
|c 1990.
|
| 300 |
|
|
|a 106 σ. :
|b εικ. ;
|c 24 εκ.
|
| 650 |
|
0 |
|a Harbors
|z Greece
|z Lesbos (Municipality)
|x History.
|
| 651 |
|
0 |
|a Lesbos (Greece : Municipality)
|x Description and travel.
|
| 651 |
|
0 |
|a Lesbos (Greece : Municipality)
|x History.
|
| 852 |
|
|
|a INST
|b CHIOS
|e 19960809
|h 938.974 ΜΟΛ
|p 005200009267
|q 005200009267
|t BK
|y 0
|
| 852 |
|
|
|a INST
|b CHIOS
|e 19960809
|h 938.974 ΜΟΛ
|p 005200009268
|q 005200009268
|t BK
|y 0
|
| 852 |
|
|
|a INST
|b RHODES
|e 19970214
|h 938.974 ΜΟΛ
|p 005400010395
|q 005400010395
|t BK
|y 0
|
| 852 |
|
|
|a INST
|b RHODES
|e 19970214
|h 938.974 ΜΟΛ
|p 005400010402
|q 005400010402
|t BK
|y 0
|
| 852 |
|
|
|a INST
|b SAMOS
|e 19941103
|h 938.974 ΜΟΛ
|p 005300000455
|q 005300000455
|t BK
|y 0
|
| 901 |
|
|
|a BIBL2-2000-2
|
| 909 |
|
|
|a Σ
|b 020317
|
| 909 |
|
|
|a Ρ
|b 017643
|
| 909 |
|
|
|a Χ
|b 020289
|
| 909 |
|
|
|a Χ
|b 020288
|
| 909 |
|
|
|a Ρ
|b 017644
|
| 970 |
|
|
|z 2000/09/LITSA
|